| 000 | 01146nam a2200265Ia 4500 | ||
|---|---|---|---|
| 003 | OSt | ||
| 005 | 20220930094735.0 | ||
| 006 | a|||||r|||| 00| 0 | ||
| 007 | ta | ||
| 008 | 220926b |||||||| |||| 00| 0 san d | ||
| 024 | _a10125 | ||
| 037 | _cTheses | ||
| 040 |
_aCRL _cCRL _bsan |
||
| 041 |
_2san _asan |
||
| 100 | _aप्रवीन कुमारी, ले. | ||
| 110 |
_aदिल्ली विश्वविद्यालय. कला संकाय. संस्कृत विभाग _9556166 |
||
| 245 | 0 | _aहरविजयम् महाकाव्य के क्रियापदों का भाषावैज्ञानिक अध्ययन | |
| 246 | _aHaravijayam mahākāvya ke kriyāpadoan kā bhāṣhāvaijnyānik adhyayana | ||
| 260 | _c2012 | ||
| 300 |
_a333पृ0 _ap. _ccm. |
||
| 650 | _aसंस्कृत साहित्य | ||
| 700 |
_aदिल्ली विश्वविद्यालय. कला संकाय. संस्कृत विभाग _9556167 |
||
| 942 |
_cDIS _2CC |
||
| 999 |
_c887591 _d887591 |
||